Loading...
| Literature - American | 0 | 4 | 1 | 1 | 35 | 85 | 127.50 | 0 | 2 | 6.00 | 18.02 |
| Fine Arts - Other Arts | 1 | 1 | 1 | 0 | 20 | 75 | 99.50 | 0 | 1 | 5.70 | 10.69 |
| Religion | 0 | 2 | 0 | 1 | 20 | 159 | 160.00 | 0 | 0 | 0.10 | 1.11 |
| Literature - British | 0 | 2 | 0 | 1 | 20 | 131 | 141.50 | 0 | 1 | 1.15 | 7.78 |
| Philosophy | 0 | 2 | 0 | 1 | 20 | 137 | 138.00 | 0 | 0 | 0.66 | 2.92 |
| Fine Arts - Classical Music and Opera | 0 | 1 | 0 | 0 | 10 | 109 | 109.00 | 0 | 0 | 2.69 | 1.39 |
| Literature - European | 0 | 1 | 0 | 1 | 10 | 157 | 157.00 | 0 | 0 | 0.00 | 0.64 |
| Literature - World | 0 | 1 | 0 | 0 | 10 | 131 | 131.00 | 0 | 0 | 1.91 | 4.17 |
| Fine Arts - Painting and Sculpture | 0 | 0 | 0 | 0 | 0 | 0.00 | 0 | 0 | 0.00 | 0.00 | |
| History - European | 0 | 0 | 0 | 0 | 0 | 0.00 | 0 | 0 | 0.00 | 0.00 | |
| History - World | 0 | 0 | 0 | 0 | 0 | 0.00 | 0 | 0 | 0.00 | 0.00 |